Evidencia majetku ako subsystém informačného systému STU = Account of property as subsystem of information system of STU : Diplomová práca /

Saved in:
Bibliographic Details
Main Author: Bujdáková, Andrea (Author)
Other Authors: Šafaříková, Daniela (Thesis advisor)
Format: Manuscript Book
Published: Bratislava : STU v Bratislave FEI, 1997
Subjects:
Tags: Add Tag
No Tags, Be the first to tag this record!

MARC

LEADER 00000ntm a22000003a 4500
001 stu9976
005 20160719164946.4
008 970707s1997----------------------------d
040 |a STU  |b slo 
041 0
100 1 |a Bujdáková, Andrea  |4 aut 
245 1 |a Evidencia majetku ako subsystém informačného systému STU = Account of property as subsystem of information system of STU :  |b Diplomová práca /  |c [aut.] Bujdáková,Andrea; Škol. řafaříková,Daniela 
260 |a Bratislava :  |b STU v Bratislave FEI,  |c 1997 
300 |a 49 s :  |b príl.38 s +  |c disketa 
650 7 |a informatika  |2 stusub 
700 1 |a Šafaříková, Daniela  |4 ths 
996 |b EDIPL-5306  |c I*DIPL-5306  |l II680  |s A  |a 24  |w stu9976_0001